| 000 | 03669nam0a2200565 4500 | ||
|---|---|---|---|
| 001 | RU\NLR\BIBL_A\011963556 | ||
| 005 | 20251226103248.0 | ||
| 020 |
_aRU _9Ленинград в Великой Отечественной войне. Коллекция. Афиши |
||
| 035 | _a(NLR Aleph) 011963556 | ||
| 090 |
_a10239 _c10239 |
||
| 100 | _a20190319d1945 u y0rusy50 ca | ||
| 101 | 0 | _arus | |
| 102 | _aRU | ||
| 105 | _ay z 000zy | ||
| 135 | _acrcn 024anaba | ||
| 200 | 1 |
_aКонцерт. Натан Перельман (ф-но). Шуберт, воскресенье, 8 апреля 1945 г. _e[афиша] _eпри участии артистов филармонии: Летичевского Т. (скрипка), Калманович Г. Р. (альт), Немеринецкого Г. Р. (виолончель), Курбатов М. (контрабас) _fКамерный зал Ленинградской Государственной Филармонии |
|
| 210 |
_a[Ленинград] _cТЛ-4 _d1945 |
||
| 215 |
_a1 л. _d49х70 |
||
| 300 | _aНачало в 8 час. 30 мин. Билеты продаются в кассах Филармонии, Камерного зала, ЦТК | ||
| 300 | _aЗак. № 322 | ||
| 325 | _aКопия доступна в Электрон. б-ке РНБ | ||
| 327 | _aПрограмма: Два экспромта ор. 142, Соната-Ре-мажор, Четыре музыкальных момента ор. 94, Квинтет-"Форель" | ||
| 606 | 1 |
_aТеатральная жизнь _yЛенинград, город _z1941 - 1944 _jАфиши _2nlr_sh2 _3RU\NLR\AUTH\6601649837 |
|
| 686 | _aЩ333(2Р=Рус)7- 692Ленинград | ||
| 702 | 1 |
_aПерельман _bН. Е. _cпианист _f1906-2002 _gНатан Ефимович _3RU\NLR\AUTH\770202051 _4005 |
|
| 702 | 1 |
_aШуберт _bФ. _f1797-1828 _gФранц _3RU\NLR\AUTH\77108614 _4570 |
|
| 702 | 1 |
_aЛетичевский _bТ. _cартист филармонии, скрипач _3RU\NLR\AUTH\770203583 |
|
| 702 | 1 |
_aКалманович _bГ. Р. _cартист филармонии, альт _3RU\NLR\AUTH\770203589 |
|
| 702 | 1 |
_aНемеренецкий _bГ. М. _cартист филармонии, виолончель _gГригорий М. _3RU\NLR\AUTH\770203603 |
|
| 702 | 1 |
_aКурбатов _bМ. М. _cартист филармонии, контрабас _f1905-1990 _gМихаил Михайлович _3RU\NLR\AUTH\770203615 |
|
| 711 | 0 | 2 |
_aЛенинградская филармония _3RU\NLR\AUTH\889946347 |
| 712 | 0 | 2 |
_aЛенинградская филармония _bКамерный зал _3RU\NLR\AUTH\880497262 _4570 |
| 852 |
_aNLR _jЛ3-330а/4/3/1945-апр.(7) |
||
| 856 | 0 | _uhttp://vivaldi.nlr.ru/la700000519/view | |
| 856 | 1 | _uhttp://vivaldi.nlr.ru/la700000519/cover | |
| 856 | 2 | _uhttp://vivaldi.nlr.ru/la700000519/text | |
| 942 | _cVISUAL | ||
| 945 | _aРоссийская национальная библиотека | ||
| 980 | 3 | _akplen | |
| 980 | 3 | _akp | |
| 980 | _aNB | ||
| 980 | _aBV | ||
| 981 | 3 | 7 |
_a(37) Ленинград в Великой Отечественной войне _b(37) Афиши блокадного Ленинграда |